| 000 | 00930nam a22002537a 4500 | ||
|---|---|---|---|
| 005 | 20170123162333.0 | ||
| 010 | _a137703 | ||
| 020 | _c4.00 | ||
| 035 | _a137703 | ||
| 037 | _bCen Lib/Ret | ||
| 040 |
_aDPL _bUR |
||
| 082 |
_a842 _bا م ا |
||
| 100 |
_aسیّد سود حسن رضوی ادیب _9123003 |
||
| 245 |
_aلکھنوو کا عوامی اسٹیج : _cسیّد سود حسن رضوی ادیب _bامانت اور اندر سبھا / |
||
| 246 |
_aLuchnow kw avami stage : amanat aur indar sabha / _bby Sayyad Masssod Hasan Rizvi Adeeb |
||
| 260 |
_c1957 _aکتاب نگر دیال _bلکھنوو |
||
| 270 |
_aدیال روڈ _bلکھنوو |
||
| 300 |
_a244p. _c21cm(Hb) |
||
| 650 |
_aادب -- اردو _9123004 |
||
| 650 |
_aاردو ڈرامے _9123005 |
||
| 650 |
_aLiterature -- Urdu _9123006 |
||
| 650 |
_aUrdu drama _9123007 |
||
| 942 |
_2ddc _cUR _h842 _mا م ا |
||
| 999 |
_c107974 _d107974 |
||